000
00259nam a22001217a 4500
003
SGT
082
_a
823
_b
SED
100
_a
SEDGWICK JULIAN
245
_a
MYSTERIUM THE BLACK DRAGON
260
_a
U.K
_b
HACHETTE PUB
_c
2013
300
_a
340
942
_2
ddc
_c
BK
999
_c
33509
_d
33509